Państwa występujące na MUNDIALACH najczęściej - Statystyki

Ogólne statystyki
  • Ten quiz został rozwiązany 89 razy
  • Średni wynik to 9 z 10
Statystyki odpowiedzi
Ilość występów Państwo / Kraj % Poprawnych
22 Brazylia
100%
20 Niemcy
100%
18 Argentyna
96%
16 Hiszpania
95%
18 Włochy
94%
16 Anglia
93%
16 Francja
93%
14 Urugwaj
89%
17 Meksyk
68%
14 Belgia
54%
Nie znaleziono quizów pasujących do podanych kryteriów
Rozkład punktacji
Procent ludzi z każdym wynikiem
Percentyl według liczby udzielonych odpowiedzi
Twoja historia wyników
Nie rozwiązałeś tego quizu